000 00772nam a2200265 a 4500
003 AR-BaBNM
005 20251128210323.0
008 082120s2002 ||||||||||||||000 | spa||
020 _a987-96010-3-3
040 _cAR-BaBNM
100 1 _aRamallo, Jorge María
245 0 0 _aSan Martín, las logias, la revolución social y su amor por Buenos Aires
260 _aBuenos Aires
_bFundación Nuestra Historia
_c1998
300 _a99 p.
490 0 _aMonografías
_vv. 3
500 _aContiene referencias bibliográficas
650 4 _aHISTORIA ARGENTINA
650 4 _aANARQUIA DE 1820
650 4 _aHISTORIA DE BUENOS AIRES
650 4 _aHISTORIA POLITICA ARGENTINA
653 _aLOGIAS
653 _aREVOLUCIONES EUROPEAS
942 _cBK
998 _cMariana
999 _c14943
_d14943